| 000 | 01932nas a22003731i 4500 | ||
|---|---|---|---|
| 003 | EG-ScBUE | ||
| 005 | 20240122152615.0 | ||
| 008 | 240122c20219999ua fr pd ||| 00| f0ara d | ||
| 022 | _a25352237 (print) | ||
| 022 | _a25352245 (online) | ||
| 040 |
_aEG-ScBUE _bara _erda _cEG-ScBUE _dEG-ScBUE |
||
| 041 | 0 |
_aara _aeng |
|
| 082 | 0 | 4 |
_222 _a340.0 285 _bم ج ل |
| 245 | 0 | 0 |
_aمجلة القانون والتكنولوجيا : _bمجلة علمية محكمة متخصصة = Journal of law and emerging technologies : a specialised peer-reviewed scientific journal |
| 246 | 3 | 5 |
_aJournal of law and emerging technologies : _ba specialised peer-reviewed scientific journal |
| 264 | 1 |
_aالقاهرة : _bالجامعة البريطانية في مصر، كلية القانون، _c2021. |
|
| 300 |
_aمجلد ؛ _c24 سم |
||
| 310 | _aنصف سنوية | ||
| 336 |
_2rdacontent _bنص _atxt |
||
| 337 |
_2rdamedia _aبدون وسيط _bn |
||
| 338 |
_2rdacarrier _aمجلد _bnc |
||
| 362 | 0 | _aالمجلد الأول، العدد الأول (أكتوبر 2021)- | |
| 500 | _aالعنوان من صفحة العنوان. | ||
| 505 | 0 | _aالمجلد الثاني، العدد الأول (أبريل 2022) - المجلد الثاني، العدد الثاني (أكتوبر 2022) | |
| 546 | _aالنص باللغتين العربية والإنجليزية. | ||
| 588 | 1 | _aآخر عدد تم اصداره : المجلد الثالث، العدد الأول (أبريل 2023). | |
| 650 | 7 |
_2BUEsh _aالقانون _xمعالجة البيانات _vدوريات. |
|
| 650 | 7 |
_2BUEsh _aالتكنولوجيا _xقوانين وتشريعات _vدوريات. |
|
| 650 | 7 |
_2BUEsh _aالقانون والتكنولوجيا _vدوريات. |
|
| 653 |
_bLLAAWW _cJanuary2024 |
||
| 655 | _aالدوريات | ||
| 710 | 2 |
_aالجامعة البريطانية في مصر. _bكلية القانون، _eمؤلف. |
|
| 942 |
_2ddc _cJOURNAL _s1 |
||
| 999 |
_c30613 _d30584 |
||